00555 2200217 4500001002100000005001500021035002000036245004500056100001700101250000600118300003400124260004900158082001200207084001800219020002200237650001000259990001700269990001700286990001700303990001700320INLIS00000000000014520180831031700 a0010-08180001091 aSejarah Batik Indonesia /cDeden Dedi S0 aDeden Dedi S a- av, 90 hlm. :bilus. ;c25 cm. aBandung :bPT Sarana Panca Karya Nusa,c2009 a746.662 a746.662 DED s a978-979-678-405-9 aBatik a00621/P/2018 a00622/P/2018 a00623/P/2018 a00624/P/2018